| 000 | 00444ntaaa2200169 4500 | ||
|---|---|---|---|
| 003 | 01 | ||
| 005 | 20251027202733.0 | ||
| 008 | 0714s1973 ag 01 | ||
| 040 |
_aAR-BaBN _bspa _cAR-BaBN _eaacr _dRIC |
||
| 082 | _a704.9480 M47 | ||
| 100 |
_aMeille, Giovanni _927354 |
||
| 245 | _aL'immagine di GesĂș nella storia e nell'arte | ||
| 250 | _a1 ed. | ||
| 260 |
_as.l. : _bAnonima LibrarĂa italiana, _cs.l. |
||
| 300 |
_a177 p ; _cilu. |
||
| 942 | _cBK | ||
| 999 |
_c22618 _d22618 |
||